000 00840nam a22002057a 4500
999 _c17829
_d17829
005 20251125232901.0
008 s2532 th tha d
040 _aNALT
041 _atha
245 1 0 _aการวิเคราะห์และการวางระบบบัญชีลูกหนี้
260 3 _aกรุงเทพฯ :
_bธรรมนิติการบัญชีและภาษีอากร,
_c2532
300 _a52 หน้า :
_b ตาราง ;
_c 26 ซม.
650 0 4 _aการบัญชี
650 0 4 _aหนี้สิน (การบัญชี)
850 _aNALT
856 4 0 _uhttps://hdl.handle.net/20.500.14156/302405
_71
942 _cLB
_2lcc
998 _j25
_k นีลวัสน์ อินทรักษา
090 _aKI26.1 ก514 2532